| 000 | 00679nam a2200229 i 4500 | ||
|---|---|---|---|
| 001 | 91854 | ||
| 003 | ES-MaACL | ||
| 005 | 20230906180834.0 | ||
| 007 | t| | ||
| 008 | 050223s2003 sp ||||1| spa d | ||
| 020 | _a84-339-6988-9 | ||
| 080 | _a821.131.1-31"19" | ||
| 100 | 1 |
_aMagris, Claudio. _975515 |
|
| 245 | 1 | 3 |
_aLa exposición / _cClaudio Magris ; traducción de Juan Octavio Prenz. |
| 260 |
_aBarcelona : _bAnagrama, _c[2003] |
||
| 300 |
_a93 p. ; _c20 cm. |
||
| 490 | 1 |
_aPanorama de narrativas ; _v528 |
|
| 700 | 1 |
_aPrenz, Juan Octavio. _993765 |
|
| 830 | 0 | 0 |
_aPanorama de narrativas _v528 _9123642 |
| 852 |
_aES-MaACL _jL-28913 _bR.135174 |
||
| 999 |
_c91854 _d91854 |
||